zpět

Detail výsledku týmu

The Pub Praha 2 ST, Praha

Datum a čas kvízu

34 Celkem bodů Celkový počet nahraných bodů na tomto kvízu bez doplňovacích otázek.
8. Pořadí na kvízu Konečné umístění týmu na tomto kvízu.

Zaznamenané odpovědi

# Otázka Odpověď Body Výsledky
1. Nově zvolený poslanec za KDU-Č... kroj 1
2. Tichomořské souostroví s popul... Tuvalu 0
3. Ačkoli nedávno prohlásil, že n... Tomáš Klus 1
4. Potravinářská firma Dr. Oetker... Krtkův dort 1
5. Do nominace české ženské hokej... Karolína Erbanová 1
6. Budeme se zabývat osobnostmi,... Alžběta / Eliška Pomořanská, Zikmund Lucemburský 1
7. Posuneme se do doby přelomu 16... Edward Kelley 0
8. Zde vidíme dvě fotografie jedn... Shirley Temple (provdaná Black) 1
9. Napíšete-li jméno muže na obrá... Robert Fulghum, Všechno, co opravdu potřebuju znát, jsem se naučil v mateřské školce 0
10. Poslední muž v našem výběru ta... Emanuele Ridi, StarDance …když hvězdy tančí 1